Statistics for Countries Closest to Countries Starting with F

Click here to take the quiz!

General Stats

  • This quiz has been taken 49 times
    (33 since last reset)
  • The average score is 17 of 23

Answer Stats

Distance (km)Country Starting with FAnswer% Correct
877FranceGermany
96%
893FinlandRussia
93%
435FranceSwitzerland
93%
261FranceBelgium
89%
84FinlandEstonia
89%
394FinlandLatvia
89%
427FranceNetherlands
89%
397FinlandSweden
89%
342FranceUnited Kingdom
89%
787FinlandNorway
86%
609FinlandLithuania
82%
288FranceLuxembourg
82%
709FranceAndorra
75%
911FinlandPoland
75%
776FranceIreland
68%
691FranceMonaco
68%
713FinlandBelarus
64%
882FinlandDenmark
64%
566FranceLiechtenstein
61%
882FranceCzech Republic
50%
745FijiTonga
43%
949FranceSan Marino
39%
964FranceSlovenia
29%

Score Distribution

Percentile by Number Answered

Percent of People with Each Score

Your Score History

You have not taken this quiz since the last reset